Los zarpazos del puma: caso Arellano
Gespeichert in:
| 1. Verfasser: | |
|---|---|
| Format: | Buch |
| Sprache: | Spanisch |
| Veröffentlicht: |
Santiago
Ediciones Chile América CESOC
1989
|
| Ausgabe: | 1a. ed |
| Schlagworte: | |
| Tags: |
Tag hinzufügen
Keine Tags, Fügen Sie den ersten Tag hinzu!
|
MARC
| LEADER | 00000cam a2200000 a 4500 | ||
|---|---|---|---|
| 001 | UCD1582 | ||
| 003 | CL-VaPUC | ||
| 008 | 160316e19890000cl |||||||||||||||||spa|d | ||
| 082 | 0 | 4 | |a 070.43 |b VER |2 21 |
| 100 | 0 | |a Verdugo Aguirre, Patricia |e author |9 584687 | |
| 245 | 1 | 4 | |a Los zarpazos del puma: caso Arellano |
| 250 | |a 1a. ed | ||
| 300 | |a 289 p | ||
| 942 | |c BK | ||
| 945 | |d 20160316 17:23:00 |a dcastane | ||
| 260 | |a Santiago |b Ediciones Chile América CESOC |c 1989 | ||
| 650 | 0 | |a Periodismo |9 310113 | |
| 650 | 7 | |a REPORTAJES |2 CL-VaPUC |9 379680 | |
| 650 | 0 | |a Detenidos desaparecidos |9 392335 | |
| 650 | 0 | |a Golpe militar |9 379681 | |
| 583 | |a last modification |c 20160316 17:23:00 |k Rodrigo Vera | ||
| 999 | |c 362856 |d 362854 | ||
| 952 | |0 0 |1 0 |3 erb |4 0 |6 070_430000000000000_VER_1989 |7 0 |8 X |9 474389 |a FDOBUD |b FDOBUD |i 5217881 |o 070.43 VER 1989 |p 5217881 |r 2019-11-24 |w 2019-11-24 |y BK_X |z Catalogado en:20160316 |k BUD | ||